Органическая химия: учебно пособие; рабочая тетрадь для иностранных учащихся подготовительных отделений
| Tác giả chính: | |
|---|---|
| Tác giả của công ty: | |
| Tóm tắt: | Заглавие с титульного экрана Электронная версия печатной публикации Режим доступа: из корпоративной сети ТПУ |
| Ngôn ngữ: | Tiếng Nga |
| Được phát hành: |
Томск, Изд-во ТПУ, 2010
|
| Những chủ đề: | |
| Truy cập trực tuyến: | http://www.lib.tpu.ru/fulltext2/m/2009/m163.pdf |
| Định dạng: | Điện tử Sách |
| KOHA link: | https://koha.lib.tpu.ru/cgi-bin/koha/opac-detail.pl?biblionumber=172845 |
MARC
| LEADER | 00000nlm0a2200000 4500 | ||
|---|---|---|---|
| 001 | 172845 | ||
| 005 | 20231101223047.0 | ||
| 035 | |a (RuTPU)RU\TPU\book\187453 | ||
| 090 | |a 172845 | ||
| 100 | |a 20091216d2010 m y0rusy50 ca | ||
| 101 | 0 | |a rus | |
| 102 | |a RU | ||
| 105 | |a a j 001zy | ||
| 135 | |a drcn ---uucaa | ||
| 181 | 0 | |a i | |
| 182 | 0 | |a b | |
| 200 | 1 | |a Органическая химия |b Электронный ресурс |e учебно пособие |e рабочая тетрадь для иностранных учащихся подготовительных отделений |f Н. В. Провалова |g Национальный исследовательский Томский политехнический университет (ТПУ) | |
| 203 | |a Текст |c электронный | ||
| 210 | |a Томск |c Изд-во ТПУ |d 2010 | ||
| 230 | |a 1 компьютерный файл (pdf; 390 KB) | ||
| 300 | |a Заглавие с титульного экрана | ||
| 300 | |a Электронная версия печатной публикации | ||
| 333 | |a Режим доступа: из корпоративной сети ТПУ | ||
| 337 | |a Adobe Reader | ||
| 606 | 1 | |a Органическая химия |2 stltpush |3 (RuTPU)RU\TPU\subj\47309 |9 66362 | |
| 610 | 1 | |a органическая химия | |
| 610 | 1 | |a иностранные учащиеся | |
| 610 | 1 | |a труды учёных ТПУ | |
| 610 | 1 | |a учебные пособия | |
| 610 | 1 | |a электронный ресурс | |
| 675 | |a 547(075.8) |v 3 | ||
| 686 | |a Ш141.2-96 |v LBC/SL-A |2 rubbk | ||
| 700 | 1 | |a Провалова |b Н. В. |c медик |c доцент Томского политехнического университета, доктор медицинских наук |f 1973- |g Надежда Валерьевна |2 stltpush |3 (RuTPU)RU\TPU\pers\25972 | |
| 712 | 0 | 2 | |a Национальный исследовательский Томский политехнический университет (ТПУ) |c (2009- ) |2 stltpush |3 (RuTPU)RU\TPU\col\15902 |
| 801 | 1 | |a RU |b 63413507 |c 20091216 | |
| 801 | 2 | |a RU |b 63413507 |c 20140731 |g RCR | |
| 856 | 4 | |u http://www.lib.tpu.ru/fulltext2/m/2009/m163.pdf | |
| 942 | |c CF | ||